Organizaciones empresariales rurales : demandas y movilizaciones (análisis del caso chileno).

Bibliographic Details
Main Author: Gómez, Sergio
Format: Libro
Language:English
Published: Santiago, Chile FLACSO 1993
Series:Estudios Sociales N¼ 46
Subjects:

MARC

LEADER 00000cam a2200000 a 4500
001 033732
003 UAHC_CL
005 20170803123652.0
008 010822b xx j 000 1 eng
040 |a UAHC_CL  |c UAHC_CL  |d UAHC_CL 
082 0 4 |a 333.2 G633 
100 1 |a Gómez, Sergio 
245 1 0 |a Organizaciones empresariales rurales :  |b demandas y movilizaciones (análisis del caso chileno). 
260 |b FLACSO  |c 1993  |a Santiago, Chile 
300 |a 35 p. 
490 0 |a Estudios Sociales N¼ 46 
500 |a Documento para ser presentado en el Grupo de Trabajo No.12 sobre "Asociacionismo Agrario", coordinado por Eduardo Moyano en el XV Congreso Europeo de Sociologia Rural que se desarrollara en Wageningen, Holanda, 2 al 6 de agosto de 1993. 
650 4 |a ASOCIACIONES AGRARIAS  |y 1970-1990  |z CHILE 
650 4 |a EMPRESARIOS AGRICOLAS 
900 |a FLACSO 0-745 
942 |c BK 
952 |0 0  |1 0  |4 0  |6 FLACSO_0745  |7 0  |8 General  |9 64508  |a BC  |b BC  |c General  |d 2017-08-03  |l 0  |o FLACSO 0-745  |p 1304982  |r 2019-01-08 00:00:00  |t 1  |w 2017-08-03  |y BK 
999 |c 33732  |d 33732